|
|
|
|
| LEADER |
01921nam a2200337 i 4500 |
| 001 |
17683725 |
| 003 |
BD-DhAAL |
| 005 |
20131206124933.0 |
| 008 |
131206s2013 nyua b 001 0 eng |
| 010 |
|
|
|a 2013008160
|
| 020 |
|
|
|a 9780230369368
|
| 035 |
|
|
|a (DLC)17683725
|
| 035 |
|
|
|a (DLC)2013008160
|
| 040 |
|
|
|a DLC
|b eng
|c DLC
|e rda
|d DLC
|d BD-DhAAL
|
| 050 |
0 |
0 |
|a PR9340.5
|b .D38 2013
|
| 082 |
0 |
0 |
|a 820.9/96
|2 23
|
| 100 |
1 |
|
|a Davis, Caroline,
|d 1964-
|9 3588
|
| 245 |
1 |
0 |
|a Creating postcolonial literature :
|b African writers and British publishers /
|c Caroline Davis.
|
| 260 |
|
|
|a Hampshire :
|b Palgrave Macmillan,
|c 2013
|
| 300 |
|
|
|a x, 255 p. :
|b ill. ;
|c 23 cm.
|
| 504 |
|
|
|a Includes bibliographical references (pages 231-243) and index.
|
| 505 |
0 |
|
|a Oxford University Press in Africa, 1927-1980 -- The vision for OUP in Africa -- 'The obligation to be profitable': OUP in West Africa -- 'The call to duty': OUP in East Africa -- Publishing under Apartheid: OUP in South Africa -- The Three Crowns Series 1962-1976 -- The history of Three Crowns -- Judging African literature -- Editing Three Crowns -- Publishing Wole Soyinka -- Publishing Athol Fugard.
|
| 541 |
|
|
|e 27790, 27791
|
| 610 |
2 |
0 |
|a Oxford University Press
|x History.
|9 3589
|
| 650 |
|
0 |
|a African literature (English)
|x Publishing
|x History
|y 20th century.
|9 3590
|
| 650 |
|
0 |
|a Publishers and publishing
|z Great Britain
|x History
|y 20th century.
|9 3591
|
| 650 |
|
0 |
|a Publishers and publishing
|z Africa
|x History
|y 20th century.
|9 3592
|
| 942 |
|
|
|2 ddc
|c BK
|
| 999 |
|
|
|c 14109
|d 14109
|
| 952 |
|
|
|0 0
|1 0
|2 ddc
|4 0
|6 820_996000000000000_DAV
|7 0
|9 23742
|a BRACUL
|b BRACUL
|c GEN
|d 2013-12-06
|e Trim Education
|g 5156.00
|l 2
|m 2
|o 820.996 DAV
|p 3010027790
|r 2025-07-15
|s 2025-06-26
|t 1
|w 2013-12-06
|y BK
|
| 952 |
|
|
|0 0
|1 0
|2 ddc
|4 0
|6 820_996000000000000_DAV
|7 0
|9 23743
|a BRACUL
|b BRACUL
|c GEN
|d 2013-12-06
|e Trim Education
|g 5156.00
|l 2
|o 820.996 DAV
|p 3010027791
|r 2025-09-05
|s 2025-08-31
|t 2
|w 2013-12-06
|y BK
|